LEADER 01378nam2 22002891i 450 001 UON00529230 005 20250828103544.32 100 $a20250828d1962 |0itac50 ba 101 $aita 102 $aIT 105 $a|||| ||||| 200 1 $aˆIl ‰Rinascimento, la Riforma, La restaurazione cattolica$eLa formazione delle grandi monarchie, il Rinascimento, il Rinascimento artistico, esplorazioni e scoperte geografiche$fF. Cognasso ... et alii 210 $aMilano$cCasa Editrice Dr. Francesco Vallardo$d1962 215 $aXXXIII, 681 p. , c. di tav.$d29 cm 461 1$1001UON00327523$12001 $aStoria Universale$fdiretta da Ernesto Pontieri$1210 $aMilano$cFrancesco Vallardi Società Editrice Libraria$d19-.$vV,1 606 $aCattolicesimo$3UONC007614$2FI 606 $aRiforma protestante$3UONC066076$2FI 606 $aRinascimento$3UONC049847$2FI 620 $aIT$dMilano$3UONL000005 700 1$aCognasso$bFrancesco$3UONV122504$0139245 712 $aVallardi$3UONV247460$4650 801 $aIT$bSOL$c20250829$gRICA 899 $aSIBA - SISTEMA BIBLIOTECARIO DI ATENEO$2UONSI 912 $aUON00529230 950 $aSIBA - SISTEMA BIBLIOTECARIO DI ATENEO$dSI BIB D 0001/V,1 $eSI MR 75058 7 0001/V,1 $sBuono 996 $aRinascimento, la Riforma, La restaurazione cattolica$94423607 997 $aUNIOR